<?xml version="1.0" encoding="UTF-8"?>
<collection xmlns="http://www.loc.gov/MARC21/slim">
  <record>
    <leader>00000nam  2200000   4500</leader>
    <controlfield tag="001">INLIS000000000018516</controlfield>
    <controlfield tag="005">20241120022747</controlfield>
    <datafield tag="035" ind1="#" ind2="#">
      <subfield code="a">0010-1124000182</subfield>
    </datafield>
    <controlfield tag="007">ta</controlfield>
    <controlfield tag="008">241120###########################0######</controlfield>
    <datafield tag="245" ind1="#" ind2="#">
      <subfield code="a">RP JURNALIS :</subfield>
      <subfield code="b">Rancangan pengelolaan Program Studi Sastra Inggris Fakultas Ilmu Budaya Universitas Sam Ratulangi /</subfield>
      <subfield code="c">Aryana Sigarlagi, S.S., M.Hum</subfield>
    </datafield>
    <datafield tag="260" ind1="#" ind2="#">
      <subfield code="a">Makassar :</subfield>
      <subfield code="b">Puslatbang KMP LAN RI,</subfield>
      <subfield code="c">2024</subfield>
    </datafield>
    <datafield tag="300" ind1="#" ind2="#">
      <subfield code="a">54 ;</subfield>
      <subfield code="c">30</subfield>
    </datafield>
    <datafield tag="650" ind1="#" ind2="4">
      <subfield code="a">Peningkatan kompetensipengeloaan, serta terciptanya kerja sama yang harmonis</subfield>
    </datafield>
    <datafield tag="700" ind1=" " ind2="#">
      <subfield code="a">Stephani Sigarlagi, S.S., M.Hum (Mentor)</subfield>
    </datafield>
    <datafield tag="700" ind1=" " ind2="#">
      <subfield code="a">Taufik, S.E (Coach)</subfield>
    </datafield>
    <datafield tag="520" ind1="#" ind2="#">
      <subfield code="a">Penyusunan Rancangan Pengelolaan Jurnal Program Studi Sastra Inggris Fakultas Ilmu Budaya Universitas Sam Ratulangi bertujuan untuk mengatasi masalah belum adanya jurnal khusus di lingkup program stud tersebut. Gagasan ini mencakup perumusan nama jurnal, pembentukan tim pengelola, standar operasional penyusunan serta prosedur (SOP), pelaksanaan workshop pengelolaan jurnal. Penerapan core values ASN BerAKHLAK, seperti Berorientasi Pelayanan, Akuntabilitas, dan Kolaboratif, berdampak pada terwujudnya kebutuhan program studi akan jurnal ilmiah yang representatif, peningkatan kompetensi pengelolaan, serta terciptanya kerja sama yang harmonis.&#13;
&#13;
Kendala utama yang dihadapi adalah lambatnya proses administrasi dan kesulitan menyelenggarakan rapat karena kesibukan peserta. Antisipasi dilakukan melalui tindakan proaktif, seperti pengecekan administrasi berkala dan komunikasi langsung dengan pemangku kepentingan. Tindak lanjut dari aktualisasi ini adalah instalasi website OJS, pembentukan pengurus harian, desain website, serta penerimaan artikel ilmiah hingga publikasi.</subfield>
    </datafield>
    <datafield tag="856" ind1="#" ind2="#">
      <subfield code="a">Puslatbang KMP LAN</subfield>
    </datafield>
  </record>
</collection>
